| 000 | 01244nam a2200277 i 4500 | ||
|---|---|---|---|
| 001 | 187033 | ||
| 003 | SpMaBN | ||
| 005 | 20230906222812.0 | ||
| 008 | 170403s1993 sp |||| | spa d | ||
| 020 | _a84-7719-349-5 | ||
| 080 | _a821.134.2.09".../14"(063) | ||
| 080 | _a821.134.2.09"15/16"(063) | ||
| 080 | _a009(460)"14/16"(063) | ||
| 111 | 2 |
_aJornadas de Filología Clásica de las Universidades de Castilla y León ( _n7ª. _d1993. _cLeón) _9162273 |
|
| 245 | 1 | 0 |
_aEstudios de tradición clásica y humanística / _cVII Jornadas de Filología Clásica de las Universidades de Castilla y León ; Manuel-Antonio Marcos Casquero (coordinador). |
| 260 |
_aLeón : _bUniversidad, Secretariado de Publicaciones, _c[1993] |
||
| 300 |
_a273 p. ; _c24 cm. |
||
| 504 | _aReferencias bibliográficas. | ||
| 650 | 7 |
_aLiteratura española- _yHasta S.XV- _xHistoria y crítica. _9147212 |
|
| 650 | 0 | 7 |
_aLiteratura española- _yS.XVI-XVII- _xHistoria y crítica. _914571 |
| 650 | 0 | 7 |
_aLiteratura española- _yS.XVI-XVII- _vCongresos y asambleas. _914569 |
| 650 | 0 | 4 |
_aHumanismo- _zEspaña- _vCongresos y asambleas. _913504 |
| 700 | 1 |
_aMarcos Casquero, Manuel Antonio. _976523 |
|
| 710 | 2 |
_aUniversidad de León. _97200 |
|
| 852 |
_aES-MaACL _jL-31354 |
||
| 999 |
_c187033 _d187033 |
||